| 000 | 00557nam a2200169 i 4500 | ||
|---|---|---|---|
| 001 | 23966 | ||
| 003 | ES-MaACL | ||
| 005 | 20230906152951.0 | ||
| 007 | t| | ||
| 008 | 021213s1875 po ||||1| por d | ||
| 100 | 1 |
_aFerreira, José Maria de Andrade. _950373 |
|
| 245 | 1 | 0 |
_aCurso de litteratura portuguesa / _cpor José María d'Andrade Ferreira. |
| 260 |
_aLisboa : _bLivraria Editora di Mattos Moreira & Compª, _c1875. |
||
| 300 |
_a380 p. ; _c20 x 13 cm. |
||
| 650 | 0 | 4 |
_aLiteratura portuguesa- _xHistoria y crítica. _914650 |
| 852 |
_aES-MaACL _jG-8956 |
||
| 999 |
_c23966 _d23966 |
||